000 00448nam a22001697a 4500
005 20250616143613.0
008 250616b |||||||| |||| 00| 0 eng d
020 _a978-0-4448-7508-2
050 _aQA 95.B37 1984
100 _aBARWISE J.
245 _aSTUDIES IN LOGIC AND THE FOUNDATIONS OF MATHEMATICS
250 _aREVISED
260 _aNETHERLANDS
_bELSEVIER PUBLISHERS
_c1984
300 _a621
700 _aKAPLAN D.
942 _2lcc
_cBK
999 _c215693
_d215693